000 00932nam a2200229Ia 4500
001 L248-15503
003 IT-CnALBA
008 170116s9999||||xx |||||||||||||| ||und||
040 _aIT-CnALBA
_cIT-CnALBA
041 _aITALIANO
100 _aLAURENTIN RENÈ
245 0 _aNON SAPPIAMO PIÙ COSA SIGNIFICHI AMARE.
250 _a1a ed.
260 _aCINISELLO BALSAMO (MI)
_bEDIZIONI PAOLINE
_c1970 [1° Ed.:1970]
300 _a123 p. (prefazione: 5)
500 _aTRADUZIONE DAL FRANCESE DI D. CARLO DANNA. DISEGNI IN BIANCO E NERO NEL TESTO. DOPPIONE. CONFRONTA DOCUMENTI 11985E 13876.
501 _aSocietà San Paolo EM - Piazza San Paolo, 14 - 12051 ALBA (CN) (non commercial uses only) ® Copyright 2017
520 _aTRADUZIONE DAL FRANCESE DI D. CARLO DANNA. DISEGNI IN BIANCO E NERO NEL TESTO. DOPPIONE. CONFRONTA DOCUMENTI 11985E 13876.
650 _aASCETICA E MISTICA
942 _cBK
957 _71
999 _a20253
_bNO
_g Copie: 1
_c274672
_d274672